British Real Madrid Players - Statistics

General Stats
  • This quiz has been taken 528 times
  • The average score is 3 of 7
Answer Stats
Club Transferred From Answer % Correct
Tottenham Hotspur Gareth Bale
88%
Manchester United David Beckham
83%
Liverpool F.C Michael Owen
83%
Liverpool F.C Steve McManaman
14%
Newcastle United Jonathan Woodgate
10%
West Bromwich Albion Laurie Cunningham
3%
Fulham John Fox Watson
0%
No matching quizzes found
Score Distribution
Percent of People with Each Score
Percentile by Number Answered
Your Score History
You have not taken this quiz